Vasco da Gama chega à Índia (Registo nº 676)

Detalhes MARC
000 -Etiqueta do registo
Cabeçalho 00802nam a2200277 4500
005 - Identificador da versão
Campo de controlo 20240813121809.0
010 ## - Número internacional normalizado dos livros (ISBN)
Número (ISBN) 9722212907
035 ## - Other System Control Numbers
System Control Number 0000705
System Control Number 0000701
System Control Number 0000701
System Control Number 0000689
100 ## - Dados gerais de processamento
Dados gerais de processamento 19970626d1990 a y0pory500305 ba
102 ## - Pais de publicação ou produção
País de publicação Portugal
101 0# - Língua de publicação
Língua do texto, banda sonora, etc. Português
215 ## - Descrição física 
Indicação específica da natureza do documento e extensão da espécie 29p
Outras indicações físicas il
Dimensões 27cm
200 1# - Titulo e menção de responsabilidade
Título próprio Vasco da Gama chega à Índia
Informação de outro título o encontro de duas civilizações
Primeira menção de responsabilidade Maria João Carmona e João de Magalhães Guedes
Outras menções de responsabilidade ilustrações de António Martins
225 2# - Colecção 
Título próprio da colecção Grandes Momentos da História
210 ## - Publicação, Distribuição, etc. 
Lugar da edição, distribuição, etc. Lisboa
Nome do editor, distribuidor, etc. Verbo
Data da publicação, distribuição, etc. 1990
675 ## - Classificação Decimal Universal (CDU)
Notação 946.9.035
Edição BN
Língua da edição por
701 #1 - Nome de autor-pessoa física (co-responsabilidade principal)
Palavra de ordem Guedes
Outra parte do nome não tomada para palavra de ordem João de Magalhães
700 #1 - Nome de autor-pessoa física (responsabilidade principal)
Número de registo de entrada de autoridade 0000878
Palavra de ordem Carmona
Outra parte do nome não tomada para palavra de ordem Maria João
942 ## - Elementos de entrada adicionados (Koha)
Tipo de item no Koha Livro
Exemplares
Situação do levantamento Origin of item (home branch) (coded) Biblioteca de empréstimo Código de barras Cota Circulation type (not for loan) Tipo de documento Nota do exemplar Damaged status
  Biblioteca Escolar Eng. Nuno Mergulhão Biblioteca Escolar Eng. Nuno Mergulhão BENM1101 9PT CAR   Livro Sem mensagem